Mute cancellations of the Brazil Empire 1865-1889 = Carimbos mudos do Brasil Imperio 1865-1889 (Record no. 2840)

000 -LEADER
fixed length control field 00538nam a22001097a 4500
008 - FIXED-LENGTH DATA ELEMENTS--GENERAL INFORMATION
fixed length control field 181119b ||||| |||| 00| 0 eng d
100 ## - MAIN ENTRY--AUTHOR'S NAME
Author's Name Dingler, James
245 ## - TITLE STATEMENT
Title Mute cancellations of the Brazil Empire 1865-1889 = Carimbos mudos do Brasil Imperio 1865-1889
260 ## - PUBLICATION, DISTRIBUTION, ETC. (IMPRINT)
Place of publication, distribution, etc. Palo Alto? CA
Name of publisher, distributor, etc. Brazil Philatelic Association
Date of publication, distribution, etc. 2000
650 ## - TOPICAL TERM (Tag)
Topical term or geographic name Brazil | Postal Markings | Mute Cancels | 1865-1889 | 19th Century | Postal History | Post Offices | Postal Agencies | Postal Service | Concordances | Catalogs and Price Lists
700 ## - SECONDARY AUTHOR, EDITOR OR ILLUSTRATOR
Personal Name Lopes, Klerman
Holdings
Withdrawn status Lost status Source of classification or shelving scheme Damaged status Koha normalized classification for sorting Not for loan Collection code Permanent Location Current Location Shelving location Date acquired Total Checkouts Full call number Barcode Date last seen Copy number Price effective from Koha item type
        G5401 P857 D584   Columbus (Ohio) Philatelic Club Northern Philatelic Library Northern Philatelic Library General Stacks 11/19/2018   G5401 P857 D584 1005233 11/19/2018 1 11/19/2018 Books

Powered by Koha